000
00374cam a2200169ua 4500
020
_c
1.50
041
_a
mal
_h
082
_a
894.8121
_b
KRI/NE
100
_a
Krishnavarrier, N.V .
245
_a
Neenda Kvithakal
260
_a
Kottayam :
_b
National Book Stall ,
_c
1958.
300
_a
93 ; .
365
_a
1.50
504
_a
942
_c
BK
999
_c
4109
_d
4109